| 000 | 00891nac a22002891i 4500 | ||
|---|---|---|---|
| 003 | EG-ScBUE | ||
| 005 | 20221218095809.0 | ||
| 008 | 221218s2005 ko a f 000 0 eng d | ||
| 020 | _a8957700765 | ||
| 020 | _a8957700080 | ||
| 040 |
_aEG-ScBUE _beng _erda _cEG-ScBUE _dEG-ScBUE |
||
| 082 | 0 | 4 |
_a727.95195 _222 _bEDU |
| 245 | 0 | 0 | _aEducation. |
| 264 | 1 |
_aSeoul, Korea : _bArchiworld, _c2005. |
|
| 300 |
_a221 pages : _billustrations (chiefly color) ; _c31 cm |
||
| 336 |
_2rdacontent _atext _btxt |
||
| 337 |
_2rdamedia _aunmediated _bn |
||
| 338 |
_2rdacarrier _avolume _bnc |
||
| 546 | _aText in Korean and English. | ||
| 650 | 7 |
_aSchool buildings _zKorea. _2BUEsh |
|
| 650 | 7 |
_aElementry school buildings _zKorea. _2BUEsh |
|
| 650 | 7 |
_aHigh school buildings _zKorea. _2BUEsh |
|
| 650 | 7 |
_aCollege buildings _zKorea. _2BUEsh |
|
| 653 | _bENGARC | ||
| 655 | _vReading book | ||
| 942 |
_cBB _2ddc |
||
| 999 |
_c3081 _d3081 |
||